• 首页
  • 本馆介绍
  • 公告通知
  • 最新文献
  • 馆藏检索
  • 电子资源
  • 读者导购
  • 参考咨询
  • 我的图书馆
  • 登录
  • 详细信息显示
  • 放入我的书架
  • 预约/预借图书
  • 作者相关作品
  • 分类相关作品
  • 丛书相关作品
  • 出版社相关作品

书目信息

  • 表格格式
  • 工作单格式
  • 卡片格式
题名:
解“毒”宝典
    
 
作者: 栾杰 , 王艳 编著
分册:  
出版信息: 哈尔滨   哈尔滨出版社  2011
页数: 150页
开本: 23cm
丛书名:
单 册:
中图分类: R168 , R16
科图分类:
主题词: 毒物--基本知识 , 毒物
电子资源:
ISBN: 978-7-5484-0680-8
000 00948nam0 2200265 450
001 2332712844
005 20231130090529.42
010    @a978-7-5484-0680-8@dCNY28.00
100    @a20120317d2011 em y0chiy50 ea
101 0  @achi
102    @aCN@b230000
105    @aa z 000yy
200 1  @a解“毒”宝典@Ajie “ du ” bao dian@e经皮毒大作战@f栾杰,王艳编著
210    @a哈尔滨@c哈尔滨出版社@d2011
215    @a150页@c彩图@d23cm
300    @a大力水饺珍馔生活书系
330    @a本书解读了一种通过皮肤侵入人体内部并对人体造成诸多严重不良影响的毒素——经皮毒。侧重阐释经皮毒可能引发的诸如过敏、妇科炎症、脑神经疾病等病变的原因,并列出了多种防毒、排毒、解读等方法,最后还介绍了多种自制简单日用品及保养品的小妙招。
606 0  @a毒物@x基本知识
606 0  @a毒物
690    @aR168@v5
690    @aR16@v4
701  0 @a栾杰@Aluan jie@c(检验师)@4编著
701  0 @a王艳@Awang yan@4编著
801  0 @aCN@b山东中教@c20231126
905    @aBZT@dR16@e1
    
    解“毒”宝典:经皮毒大作战/栾杰,王艳编著.-哈尔滨:哈尔滨出版社,2011
    150页:彩图;23cm
    大力水饺珍馔生活书系
    
    ISBN 978-7-5484-0680-8:CNY28.00
    本书解读了一种通过皮肤侵入人体内部并对人体造成诸多严重不良影响的毒素——经皮毒。侧重阐释经皮毒可能引发的诸如过敏、妇科炎症、脑神经疾病等病变的原因,并列出了多种防毒、排毒、解读等方法,最后还介绍了多种自制简单日用品及保养品的小妙招。
●
相关链接 在五车中查询图书 在当当中查询图书 在豆瓣中查询图书


正题名:解"毒"宝典     索取号:R16/1         预约/预借

序号 登录号 条形码 馆藏地/架位号 状态 备注
1 2001151721   2001151721   中教(第二批第二书库)/山东中教(第二书库)/2688/ [索取号:R16/1] 在馆    
2 2001151722   2001151722   中教(第二批第二书库)/山东中教(第二书库)/2688/ [索取号:R16/1] 在馆    
3 2001151723   2001151723   中教(第二批第二书库)/山东中教(第二书库)/2688/ [索取号:R16/1] 在馆    
4 2001151724   2001151724   中教(第二批第二书库)/山东中教(第二书库)/2688/ [索取号:R16/1] 在馆    
5 2001151725   2001151725   中教(第二批第二书库)/山东中教(第二书库)/2688/ [索取号:R16/1] 在馆    
6 2001151726   2001151726   中教(第二批第二书库)/山东中教(第二书库)/2688/ [索取号:R16/1] 在馆    
7 2001151727   2001151727   中教(第二批第二书库)/山东中教(第二书库)/2688/ [索取号:R16/1] 在馆    
8 2001151728   2001151728   中教(第二批第二书库)/山东中教(第二书库)/2688/ [索取号:R16/1] 在馆    
9 2001151729   2001151729   中教(第二批第二书库)/山东中教(第二书库)/2688/ [索取号:R16/1] 在馆    
10 2001151730   2001151730   中教(第二批第二书库)/山东中教(第二书库)/2688/ [索取号:R16/1] 在馆    
11 2001151731   2001151731   中教(第二批第二书库)/山东中教(第二书库)/2688/ [索取号:R16/1] 在馆    
12 2001151732   2001151732   中教(第二批第二书库)/山东中教(第二书库)/2688/ [索取号:R16/1] 在馆    
13 2001151733   2001151733   中教(第二批第二书库)/山东中教(第二书库)/2688/ [索取号:R16/1] 在馆    
14 2001151734   2001151734   中教(第二批第二书库)/山东中教(第二书库)/2688/ [索取号:R16/1] 在馆    
15 2001151735   2001151735   中教(第二批第二书库)/山东中教(第二书库)/2688/ [索取号:R16/1] 在馆    
16 2001151736   2001151736   中教(第二批第二书库)/山东中教(第二书库)/2688/ [索取号:R16/1] 在馆    
17 2001151737   2001151737   中教(第二批第二书库)/山东中教(第二书库)/2688/ [索取号:R16/1] 在馆    
18 2001151738   2001151738   中教(第二批第二书库)/山东中教(第二书库)/2688/ [索取号:R16/1] 在馆    
19 2001151739   2001151739   中教(第二批第二书库)/山东中教(第二书库)/2688/ [索取号:R16/1] 在馆    
20 2001151740   2001151740   中教(第二批第二书库)/山东中教(第二书库)/2688/ [索取号:R16/1] 在馆    
21 2001151741   2001151741   中教(第二批第二书库)/山东中教(第二书库)/2688/ [索取号:R16/1] 在馆    
22 2001151742   2001151742   中教(第二批第二书库)/山东中教(第二书库)/2688/ [索取号:R16/1] 在馆    
23 2001151743   2001151743   中教(第二批第二书库)/山东中教(第二书库)/2688/ [索取号:R16/1] 在馆    
24 2001151744   2001151744   中教(第二批第二书库)/山东中教(第二书库)/2688/ [索取号:R16/1] 在馆    
25 2001151745   2001151745   中教(第二批第二书库)/山东中教(第二书库)/2688/ [索取号:R16/1] 在馆    
26 2001151746   2001151746   中教(第二批第二书库)/山东中教(第二书库)/2688/ [索取号:R16/1] 在馆    
27 2001151747   2001151747   中教(第二批第二书库)/山东中教(第二书库)/2688/ [索取号:R16/1] 在馆    
28 2001151748   2001151748   中教(第二批第二书库)/山东中教(第二书库)/2688/ [索取号:R16/1] 在馆    
29 2001151749   2001151749   中教(第二批第二书库)/山东中教(第二书库)/2688/ [索取号:R16/1] 在馆    
30 2001151750   2001151750   中教(第二批第二书库)/山东中教(第二书库)/2688/ [索取号:R16/1] 在馆    
山东省滨州职业学院图书馆 欢迎您!
大连网信软件有限公司© 版权所有